000 01188cam a2200325 i 4500
999 _c4149
_d4149
001 19285825
003 OSt
005 20181129151346.0
008 160922s2017 ilu b 000 0 eng
010 _a 2016041478
020 _a9780802415097
040 _aDLC
_beng
_cDLC
_erda
_dDLC
042 _apcc
050 0 0 _aBV85
_b.T63 2017
082 0 0 _a242.34
_223
_bT757F
100 1 _aTozer, A. W.
_q(Aiden Wilson),
_d1897-1963,
_eauthor.
240 1 0 _aWorks.
_kSelections
245 1 0 _aFrom the grave :
_ba 40-day Lent devotional /
_cA. W. Tozer.
264 1 _aCHICAGO :
_bMOODY PUBLISHERS,
_c[2017]
300 _a181 pages ;
_c19 cm
336 _atext
_btxt
_2rdacontent
337 _aunmediated
_bn
_2rdamedia
338 _avolume
_bnc
_2rdacarrier
504 _aIncludes bibliographical references (pages 180-181).
650 0 _aLent.
776 0 8 _iOnline version:
_aTozer, A. W. (Aiden Wilson), 1897-1963, author.
_tFrom the grave
_dCHICAGO : MOODY PUBLISHERS, 2017
_z9780802495228
_w(DLC) 2016044047
906 _a7
_bcbc
_corignew
_d1
_eecip
_f20
_gy-gencatlg
942 _2ddc
_cBK